|
|
|
|
| LEADER |
01494nam a2200313 a 4500 |
| 001 |
28701 |
| 003 |
BD-DhAAL |
| 005 |
20230525131259.0 |
| 008 |
141222s2007 nyu 000 1 eng |
| 010 |
|
|
|a 2007018030
|
| 020 |
|
|
|a 9780143113218
|
| 020 |
|
|
|a 0143113216
|
| 035 |
|
|
|a (OCoLC)ocn137331339
|
| 035 |
|
|
|a (OCoLC)137331339
|
| 040 |
|
|
|a DLC
|c DLC
|d YDX
|d BTCTA
|d BAKER
|d YDXCP
|d JAO
|d DLC
|d BD-DhAAL
|
| 041 |
1 |
|
|a eng
|
| 050 |
0 |
0 |
|a PJ7850.U4538
|b F5513 2007
|
| 082 |
0 |
0 |
|a 892.7/36
|2 22
|
| 100 |
1 |
|
|a Al-Mohaimeed, Yousef.
|9 6907
|
| 245 |
1 |
0 |
|a Wolves of the crescent moon :
|b a novel /
|c Yousef Al-Mohaimeed ; translated from the Arabic by Anthony Calderbank.
|
| 260 |
|
|
|a New York :
|b Penguin Books,
|c c2007.
|
| 300 |
|
|
|a 180 p. ;
|c 20 cm.
|
| 505 |
0 |
|
|a The secret of the sad singing -- The journey of eternal torment -- Official documents -- A long fight -- A body like ripe fruit -- Stolen manhood -- A fight with the guards -- Abused as a child -- Moon passion -- Prisoners of the sand -- The journey of thorny dreams -- Sin and punishment -- Resignation -- The heroism of the wolf.
|
| 541 |
|
|
|e 28701
|
| 651 |
|
0 |
|a Saudi Arabia
|v Fiction.
|9 6908
|
| 700 |
1 |
|
|a Calderbank, Anthony.
|9 6909
|
| 942 |
|
|
|2 ddc
|c BK
|
| 999 |
|
|
|c 33326
|d 33326
|
| 952 |
|
|
|0 0
|1 0
|2 ddc
|4 0
|6 892_736000000000000_ALM
|7 0
|9 44511
|a BRACUL
|b BRACUL
|c GEN
|d 2014-12-22
|e BRAC Institute of Language (BIL)
|l 5
|m 98
|o 892.736 ALM
|p 3010028701
|q 2025-10-14
|r 2025-02-24
|s 2025-02-24
|t 1
|w 2014-12-22
|y BK
|x Transferred from BIL to BRACUL on 06/06/22
|